000 00713nam a2200253 a 4500
999 _c11420
_d11420
001 11420
003 BD-JhCC
005 20190912095309.0
008 190912s20132005ii a|||| |||| 000 0 eng d
020 _a9843228187
035 _a(BD-JhCC)11420
040 _aBD-JhCC
_dBD-JhCC
041 _aeng
082 _a394.2695492
_bFES 2013
245 _aFestivals of Bangladesh /
_cEdited by Anisuzzaman, Shamsuzzaman Khan and Syed Manzoorul Islam
260 _aDhaka :
_bNymphea,
_c2013
300 _a117 p. :
_bill. ;
_c26 cm
650 _aFestivals
_zBangladesh
650 _aFasts and feasts
700 _a Anisuzzaman
700 _aKhan, Shamsuzzaman
700 _aIslam, Syed Manzoorul
942 _2ddc
_cREF